000
00316nam a22001337a 4500
020
_a
9780890813973
082
_a
813.54
_b
COL
100
_a
Collins,Colette
245
_a
Promise me forever
260
_a
Harvest house publishers;
_b
Oregon,
_c
1983.
300
_a
190p. ;
563
_a
PB
942
_2
ddc
_c
FIC
999
_c
614578
_d
614578